Tilastot visalle Mikä sana on keskellä? #3

Klikkaa tästä pelataksesi tätä visaa!

Yleistilastot

  • Tätä visaa on pelattu 118 kertaa
  • Keskiarvotulos 7 / 14

Vastaustilastot

Sana edessä?Sana?Sana takana% Oikein
tammikuukausi
89%
haikalasaalis
80%
jalkapöytätennis
76%
vaelluskenkäteline
71%
korvasienirisotto
63%
muistomerkkipaalu
55%
ulkoovikello
55%
etuhammaslääkäri
43%
keskikesäkuu
38%
ikkunalautatarha
32%
jäätelökakkuvuoka
26%
supertähtitaivas
26%
kerrossammalpeite
15%
laajakulmakauppa
14%

Tulosjakauma

Persentiili vastausten määrän mukaan

Jokaisen tuloksen saaneiden osuus

Tuloshistoriasi

Et ole pelannut tätä visaa